| 000 | 01113nam a22003857a 4500 | ||
|---|---|---|---|
| 001 | 0004329 | ||
| 003 | KOHA_MİRAKIL | ||
| 005 | 20260207001408.0 | ||
| 007 | ta | ||
| 008 | 090504b1991 tu |||gr||||#||||0|tur | | ||
| 020 | _c0,01 | ||
| 040 |
_aTR-BiSEU _btur _cTR-BiSEU _erda |
||
| 041 | 0 | _atur | |
| 044 | _ctu | ||
| 050 |
_aHD31 _b.E74 1991 |
||
| 100 | 1 | _aEren, Erol. | |
| 245 | 1 |
_aYönetim ve organizasyon/ _cErol Eren ; Erol Eren. |
|
| 264 | 1 |
_aİstanbul : _bİşletme Fakültesi İşletme İktisadı Enstitüsü, 1991 _c1991 |
|
| 300 | _aXV, 482 sayfa: resimli | ||
| 336 |
_ametin _btxt _2rdacontent |
||
| 337 |
_aaracısız _bn _2rdamedia |
||
| 338 |
_acilt _bnc _2rdacarrier |
||
| 490 | 0 | _aİşletme Fakültesi yayın no. | |
| 490 | 0 | _a236. | |
| 490 | 0 | _aİşletme Enstitüsü yayın no. | |
| 490 | 0 | _a129. | |
| 500 | _aKaynakça var. | ||
| 650 | 0 |
_aYönetim. _93705 |
|
| 650 | 0 |
_aOrganizasyon. _96609 |
|
| 830 | 0 |
_aİşletme Fakültesi yayın no. _910652 |
|
| 830 | 0 |
_a236. _910653 |
|
| 830 | 0 |
_aİşletme Enstitüsü yayın no. _910654 |
|
| 830 | 0 |
_a129. _910655 |
|
| 942 |
_2lcc _cBK |
||
| 999 |
_c4311 _d4311 |
||